000 00743cam a22002531 4500
001 11993
003 BD-RjUL
005 20211208235222.0
008 140127r19651961ohua b 001 0 eng
035 _a(BD-RjUL)12042
040 _aDLC
_cDLC
_dBD-RjUL
_beng
041 _aeng
082 0 0 _a572
_bKAT 1965
100 1 _aKardiner, Abram
_d1891-1981.
_937182
245 1 0 _aThey studied man /
_cAbram Kardiner and Edward Preble.
260 _aCleveland :
_bWorld Pub. Co.,
_cc1961 [printing 1965].
300 _a287 p. :
_billus. ;
_c21 cm.
504 _aInclude bibliography and index.
650 0 _aCulture.
_937183
700 1 _aPreble, Edward
_d1922-
_ejoint author.
_937184
942 _2ddc
_cBK
999 _c11993
_d11993